LIBRARY & INFORMATION CENTRE, KCAET, TAVANUR

ONLINE PUBLIC ACCESS CATALOGUE (OPAC)

Principles of Sociology / (Record no. 3224)

MARC details
000 -LEADER
fixed length control field 00366cam a2200145ua 4500
041 ## - LANGUAGE CODE
Language code of text/sound track or separate title eng
082 ## - DEWEY DECIMAL CLASSIFICATION NUMBER
Classification number 301
Item number LEE/PR
100 ## - MAIN ENTRY--AUTHOR NAME
Personal name Lee, Alfred Meclung .
245 ## - TITLE STATEMENT
Title Principles of Sociology /
260 ## - PUBLICATION, DISTRIBUTION, ETC. (IMPRINT)
Place of publication New York :
Name of publisher Barnes & Noble ,
Year of publication 1951.
300 ## - PHYSICAL DESCRIPTION
Number of Pages 360 ; .
942 ## - ADDED ENTRY ELEMENTS (KOHA)
Koha item type Books
Holdings
Withdrawn status Lost status Damaged status Home library Current library Date acquired Full call number Accession Number Koha item type
Withdrawn     KAUAET Malayalam University 07/04/2012 301 3130 Books
free website counter